| 000 | 00571nam a2200181 4500 | ||
|---|---|---|---|
| 001 | 116271 | ||
| 003 | ES-MaACL | ||
| 005 | 20230906190654.0 | ||
| 007 | t| | ||
| 008 | 061121m19131915xxu r ||||1| eng d | ||
| 100 | 1 |
_aOsler, William _cSir ( _d1849-1919) _9161659 |
|
| 245 | 1 | 0 |
_aModern medicine _b: its theory and practice / _cby sir William Osler, Thomas Mc Crac. |
| 250 | _a2ยช. ed. thoroughly revised. | ||
| 260 |
_aPhiladelphia : _bLesand Febiger, _c1913-1915. |
||
| 300 |
_a5 v. ; _c25 cm. |
||
| 700 | 1 |
_aMc Crac, Thomas. _979518 |
|
| 852 |
_aES-MaACL _jB-11537-41 |
||
| 999 |
_c116271 _d116271 |
||